| 000 | 00650nam a2200229Ia 4500 | ||
|---|---|---|---|
| 005 | 20241216011124.0 | ||
| 008 | 190212s9999||||xx |||||||||||||| ||und|| | ||
| 020 | _a84-7114-139-6 | ||
| 082 |
_a657.97 _bC13 |
||
| 100 | _aCABALLER, VICENTE | ||
| 245 | 0 | _aGESTION Y CONTABILIDAD DE COOPERATIVAS AGRARIAS | |
| 250 | _a3 | ||
| 260 |
_aMADRID _bMINDI PRENSA _c1986 |
||
| 300 |
_a322 pag _c21 cm |
||
| 341 | _h60.5 | ||
| 490 |
_v0 _a0 |
||
| 505 | _aPLANIFICACION-EMPRESAS/COOPERATIVAS LECHERAS-HORTOFRUTICULTU | ||
| 541 |
_aC _bLIBRERIA STUDIUM _d11-Jul-96 _oSoles |
||
| 650 | _aCIENCIAS APLICADAS | ||
| 856 | _zCiencias Aplicadas | ||
| 942 | _cLIBRO | ||
| 999 |
_c33211 _d33211 |
||